000
00284nam a22001337a 4500
003
SGT
082
_a
615.53
_b
C123
100
_a
SASTRI, KASINATHA
245
_a
THE CARAKA SAMHITA
260
_a
VARANASI
_b
CHAUKHAMBHA PUB
_c
2012
300
_a
920
650
_a
AYURVEDA
942
_2
ddc
_c
BK
999
_c
8552
_d
8552